[Event "Sherbrooke op-B"]
[Site "Sherbrooke CAN"]
[Date "2004.05.29"]
[Round "3"]
[White "Lewis, Patrick"]
[Black "Fecteau, Denis"]
[Result "1/2-1/2"]
[WhiteElo "1515"]
[BlackElo "1658"]
[PlyCount "88"]
[GameId "2160767911158341"]
[EventDate "2004.05.??"]
[EventType "swiss"]
[EventRounds "5"]
[EventCountry "CAN"]
[SourceTitle "EXT 2005"]
[Source "ChessBase"]
[SourceDate "2004.11.15"]
[SourceVersion "1"]
[SourceVersionDate "2004.11.15"]
[SourceQuality "1"]

1. e4 d6 2. d4 Nf6 3. Nc3 g6 4. Nf3 Bg7 5. Be2 c6 6. O-O b5 7. a3 O-O 8. Bf4 a6 9. e5 dxe5 10. dxe5 Nd5 11. Nxd5 cxd5 12. Qd2 Bg4 13. h3 Bxf3 14. Bxf3 e6 15. Bg5 Qc7 16. Bf6 Nd7 17. Bxg7 Kxg7 18. Rfe1 Nxe5 19. Qd4 f6 20. Bd1 Qf7 21. f4 Nc4 22. Bf3 Rfe8 23. b3 Nd6 24. Kh2 Qa7 25. Qd2 Qc5 26. a4 Rac8 27. axb5 axb5 28. Ra6 f5 29. b4 Qc7 30. Qd4+ Kg8 31. Ra7 Qc3 32. Qxc3 Rxc3 33. Rxe6 Rxe6 34. Bxd5 Rxc2 35. Bxe6+ Kf8 36. Rxh7 Rb2 37. Rd7 Ne4 38. Rd4 Ke7 39. Bd5 Nc3 40. Bf3 Na2 41. Bc6 Rxb4 42. Rxb4 Nxb4 43. Bxb5 Kf6 44. h4 Nd5 1/2-1/2

[Event "Sherbrooke op-B"]
[Site "Sherbrooke CAN"]
[Date "2004.05.29"]
[Round "3"]
[White "Lopez, Jose"]
[Black "Chan, Michael2"]
[Result "0-1"]
[WhiteElo "1750"]
[BlackElo "1606"]
[PlyCount "46"]
[GameId "2160767911158342"]
[EventDate "2004.05.??"]
[EventType "swiss"]
[EventRounds "5"]
[EventCountry "CAN"]
[SourceTitle "EXT 2005"]
[Source "ChessBase"]
[SourceDate "2004.11.15"]
[SourceVersion "1"]
[SourceVersionDate "2004.11.15"]
[SourceQuality "1"]

1. e4 e5 2. f4 exf4 3. Nf3 d5 4. exd5 Nf6 5. d4 Nxd5 6. Bc4 Nb6 7. Bxf7+ Kxf7 8. Ne5+ Kg8 9. O-O Be6 10. Bxf4 N8d7 11. Nc3 Nf6 12. Bg5 Be7 13. Qd2 Nc4 14. Nxc4 Bxc4 15. Rfe1 h6 16. Bh4 Kh7 17. Qf4 Bf7 18. Bf2 Re8 19. Rad1 Qd7 20. Qf3 Bh5 21. Qd3+ Bg6 22. Qd2 Bd6 23. h3 Qf5 0-1

[Event "Sherbrooke op-B"]
[Site "Sherbrooke CAN"]
[Date "2004.05.29"]
[Round "3"]
[White "Ouellet-Lahaie, Didier"]
[Black "Duchesneau, Alain"]
[Result "0-1"]
[WhiteElo "1591"]
[BlackElo "1544"]
[PlyCount "104"]
[GameId "2160767911158343"]
[EventDate "2004.05.??"]
[EventType "swiss"]
[EventRounds "5"]
[EventCountry "CAN"]
[SourceTitle "EXT 2005"]
[Source "ChessBase"]
[SourceDate "2004.11.15"]
[SourceVersion "1"]
[SourceVersionDate "2004.11.15"]
[SourceQuality "1"]

1. e4 d6 2. d4 Nf6 3. Nc3 g6 4. Be3 Bg7 5. Qd2 Ng4 6. Bg5 h6 7. Bh4 g5 8. Bg3 e5 9. d5 f5 10. f3 f4 11. Bf2 Nxf2 12. Qxf2 h5 13. h3 Nd7 14. Bb5 a6 15. Bxd7+ Bxd7 16. Nge2 Qf6 17. Nc1 Kf7 18. b4 g4 19. Nd3 b6 20. Ne2 gxh3 21. gxh3 Rag8 22. Kd2 Bf8 23. Rag1 Be7 24. Ke1 Qh4 25. Qxh4 Bxh4+ 26. Kf1 Rg7 27. Rxg7+ Kxg7 28. Rg1+ Kf6 29. Kg2 Rg8+ 30. Kh2 Rxg1 31. Nxg1 Bg3+ 32. Kg2 h4 33. Nf2 Bb5 34. Ng4+ Ke7 35. c3 Kd7 36. Nf2 Kc8 37. Nd1 a5 38. Nb2 axb4 39. cxb4 Kb7 40. a4 Ka6 41. axb5+ Kxb5 42. Kf1 Kxb4 43. Ke2 Bh2 44. Kf1 Bxg1 45. Kxg1 b5 46. Kf1 Kc3 47. Nd1+ Kc2 48. Ke2 b4 49. Nf2 b3 50. Nd3 Kc3 51. Nc1 b2 52. Na2+ Kb3 0-1

[Event "Sherbrooke op-B"]
[Site "Sherbrooke CAN"]
[Date "2004.05.29"]
[Round "3"]
[White "Pilotte, Benoit"]
[Black "Benoit, Sebastien"]
[Result "0-1"]
[WhiteElo "1805"]
[BlackElo "1658"]
[PlyCount "74"]
[GameId "2160767911158344"]
[EventDate "2004.05.??"]
[EventType "swiss"]
[EventRounds "5"]
[EventCountry "CAN"]
[SourceTitle "EXT 2005"]
[Source "ChessBase"]
[SourceDate "2004.11.15"]
[SourceVersion "1"]
[SourceVersionDate "2004.11.15"]
[SourceQuality "1"]

1. f4 Nf6 2. Nf3 d5 3. e3 c5 4. b3 e6 5. Bb2 Be7 6. Bd3 Nc6 7. a3 Bd7 8. O-O Rc8 9. Ne5 d4 10. g4 dxe3 11. dxe3 Nd5 12. Qf3 Nxe5 13. fxe5 O-O 14. c4 Nb6 15. Qh3 h6 16. Nc3 Bc6 17. Rad1 Qc7 18. Be4 Nd7 19. Bxc6 Qxc6 20. Nb5 Rcd8 21. Nxa7 Qe4 22. Qf3 Qxf3 23. Rxf3 Nxe5 24. Bxe5 Rxd1+ 25. Kg2 Rfd8 26. Bc3 R8d3 27. Nb5 Rc1 28. e4 Rxf3 29. Kxf3 Rb1 30. b4 cxb4 31. axb4 Bxb4 32. Be5 Rc1 33. Nd6 Bxd6 34. Bxd6 Rxc4 35. Ke3 b5 36. Kd3 f6 37. e5 Rxg4 0-1

[Event "Sherbrooke op-B"]
[Site "Sherbrooke CAN"]
[Date "2004.05.29"]
[Round "3"]
[White "Roy, Roger"]
[Black "Legendre, Leonard"]
[Result "1/2-1/2"]
[WhiteElo "1832"]
[BlackElo "1500"]
[PlyCount "115"]
[GameId "2160767911158345"]
[EventDate "2004.05.??"]
[EventType "swiss"]
[EventRounds "5"]
[EventCountry "CAN"]
[SourceTitle "EXT 2005"]
[Source "ChessBase"]
[SourceDate "2004.11.15"]
[SourceVersion "1"]
[SourceVersionDate "2004.11.15"]
[SourceQuality "1"]

1. c4 c5 2. Nc3 e6 3. e4 Nc6 4. Nf3 Nf6 5. d4 cxd4 6. Nxd4 Qb6 7. Nxc6 Qxc6 8. Bd3 d6 9. O-O Be7 10. Be3 O-O 11. f4 b6 12. e5 dxe5 13. fxe5 Bb7 14. Qe2 Nd7 15. Be4 Qc8 16. Bxb7 Qxb7 17. Bd4 Qc6 18. Rad1 Bc5 19. Kh1 Rad8 20. Rf4 Be7 21. b3 f6 22. exf6 Bxf6 23. Bxf6 Nxf6 24. Rfd4 Rxd4 25. Rxd4 Nd7 26. h3 e5 27. Re4 Qc5 28. Qd3 Nf6 29. Re1 Re8 30. Ne4 Nxe4 31. Qxe4 Qe7 32. Qd5+ Kh8 33. Rf1 Rd8 34. Rf7 Qe8 35. Qb7 Rb8 36. Qxa7 Ra8 37. Qc7 Qg8 38. a4 Rc8 39. Qd7 Rd8 40. Qe7 Re8 41. Qd7 Rd8 42. Qf5 Re8 43. Rb7 e4 44. Qf2 e3 45. Qe2 Qe6 46. a5 bxa5 47. Rb5 Qe4 48. Rxa5 Qb1+ 49. Kh2 Qxb3 50. Rb5 Qc3 51. Rd5 h6 52. c5 Qf6 53. Kg1 Qc6 54. Rf5 Qe4 55. Rf3 Qd4 56. c6 Qd2 57. Kf1 Qc1+ 58. Qe1 1/2-1/2

[Event "Sherbrooke op-B"]
[Site "Sherbrooke CAN"]
[Date "2004.05.29"]
[Round "3"]
[White "Rozybakiyev, Rasul"]
[Black "Saziouk, Alexandre"]
[Result "0-1"]
[WhiteElo "1732"]
[BlackElo "1774"]
[PlyCount "96"]
[GameId "2160767911158346"]
[EventDate "2004.05.??"]
[EventType "swiss"]
[EventRounds "5"]
[EventCountry "CAN"]
[SourceTitle "EXT 2005"]
[Source "ChessBase"]
[SourceDate "2004.11.15"]
[SourceVersion "1"]
[SourceVersionDate "2004.11.15"]
[SourceQuality "1"]

1. e4 c5 2. c3 Nc6 3. d4 cxd4 4. cxd4 d6 5. Nc3 g6 6. Bb5 Bd7 7. Nf3 Bg7 8. Be3 Nf6 9. h3 a6 10. Bc4 b5 11. Bd3 O-O 12. O-O Rc8 13. Rc1 Na5 14. b3 Bc6 15. Nd2 Bb7 16. f4 b4 17. Ne2 Qb6 18. Rxc8 Rxc8 19. Qe1 d5 20. e5 Ne4 21. Bxe4 dxe4 22. Qf2 Bd5 23. f5 Rc2 24. Nf4 Qc6 25. Nxd5 Qxd5 26. Qh4 Nc6 27. Qxe4 Qxe4 28. Nxe4 Re2 29. Rf3 Nxd4 30. Bxd4 Rxe4 31. Bc5 Bxe5 32. fxg6 hxg6 33. Kf1 Bc3 34. Rd3 Re5 35. Rd8+ Kg7 36. Bd4 Bxd4 37. Rxd4 a5 38. Kf2 Rc5 39. Rd2 f5 40. Ke3 e6 41. Kf4 Kf6 42. g4 g5+ 43. Kf3 Rc3+ 44. Kg2 f4 45. Rf2 e5 46. Rd2 e4 47. Rf2 Ke5 48. Rd2 f3+ 0-1

[Event "Sherbrooke op-B"]
[Site "Sherbrooke CAN"]
[Date "2004.05.29"]
[Round "3"]
[White "Szalay, Karoly"]
[Black "Lanzilotta Mernies, Marcelo"]
[Result "0-1"]
[WhiteElo "1535"]
[BlackElo "1845"]
[PlyCount "106"]
[GameId "2160767911158347"]
[EventDate "2004.05.??"]
[EventType "swiss"]
[EventRounds "5"]
[EventCountry "CAN"]
[SourceTitle "EXT 2005"]
[Source "ChessBase"]
[SourceDate "2004.11.15"]
[SourceVersion "1"]
[SourceVersionDate "2004.11.15"]
[SourceQuality "1"]

1. e4 c5 2. Nf3 d6 3. d4 cxd4 4. Nxd4 Nf6 5. Nc3 g6 6. Be3 Bg7 7. f3 Nc6 8. Qd2 O-O 9. g4 Bxg4 10. fxg4 Nxg4 11. Nxc6 bxc6 12. Bc4 Ne5 13. Be2 Rb8 14. Na4 Qd7 15. Bd4 c5 16. Bxe5 Bxe5 17. Nxc5 Qc6 18. Nd3 Qxe4 19. Rf1 Qh4+ 20. Kd1 Qxh2 21. c3 Qh4 22. Kc2 Rfc8 23. Nxe5 dxe5 24. Rh1 Qa4+ 25. b3 Qd4 26. Raf1 Qxd2+ 27. Kxd2 Rd8+ 28. Kc2 f5 29. Rf2 Kg7 30. Rg2 Rd6 31. Rf1 Rbd8 32. Bc4 e6 33. a4 e4 34. Rf4 Kf6 35. Rh2 h5 36. Re2 g5 37. Rff2 Ke5 38. b4 h4 39. Rh2 f4 40. a5 f3 41. Ref2 Kf4 42. Rh3 Rh8 43. Rd2 Rxd2+ 44. Kxd2 e3+ 45. Ke1 g4 46. Rh1 Rc8 47. Bxe6 Rxc3 48. Kd1 f2 49. b5 Rd3+ 50. Kc2 e2 51. Rxh4 Rg3 52. b6 e1=Q 53. b7 Rc3+ 0-1

[Event "Sherbrooke op-B"]
[Site "Sherbrooke CAN"]
[Date "2004.05.30"]
[Round "4"]
[White "Chan, Michael2"]
[Black "Benoit, Sebastien"]
[Result "1-0"]
[WhiteElo "1606"]
[BlackElo "1560"]
[PlyCount "79"]
[GameId "2160767911158348"]
[EventDate "2004.05.??"]
[EventType "swiss"]
[EventRounds "5"]
[EventCountry "CAN"]
[SourceTitle "EXT 2005"]
[Source "ChessBase"]
[SourceDate "2004.11.15"]
[SourceVersion "1"]
[SourceVersionDate "2004.11.15"]
[SourceQuality "1"]

1. d4 Nf6 2. Nf3 c5 3. dxc5 Na6 4. Nc3 Nxc5 5. Bf4 d5 6. e3 a6 7. Bd3 Bg4 8. h3 Nxd3+ 9. cxd3 Bf5 10. O-O e6 11. Nh4 Bg6 12. Nxg6 hxg6 13. Qb3 b5 14. Rac1 Bd6 15. Bg3 Bxg3 16. fxg3 Qb6 17. Ne2 O-O 18. Rc2 Rfc8 19. Rfc1 Rxc2 20. Qxc2 Kf8 21. Qc6 Qxc6 22. Rxc6 Ke7 23. Rc7+ Nd7 24. Rc2 Kd6 25. d4 Nf6 26. g4 g5 27. Kf2 Ne4+ 28. Kf3 Kd7 29. Ng3 Nd6 30. b3 Rc8 31. Rxc8 Kxc8 32. e4 dxe4+ 33. Nxe4 Nxe4 34. Kxe4 Kd7 35. g3 Kd6 36. h4 gxh4 37. gxh4 f6 38. g5 fxg5 39. hxg5 g6 40. b4 1-0

[Event "Sherbrooke op-B"]
[Site "Sherbrooke CAN"]
[Date "2004.05.30"]
[Round "4"]
[White "Courteau, Bernard"]
[Black "Danis, Jacques"]
[Result "1-0"]
[WhiteElo "1601"]
[BlackElo "1598"]
[PlyCount "51"]
[GameId "2160767911158349"]
[EventDate "2004.05.??"]
[EventType "swiss"]
[EventRounds "5"]
[EventCountry "CAN"]
[SourceTitle "EXT 2005"]
[Source "ChessBase"]
[SourceDate "2004.11.15"]
[SourceVersion "1"]
[SourceVersionDate "2004.11.15"]
[SourceQuality "1"]

1. d4 Nf6 2. c4 e6 3. Nf3 d5 4. Nc3 b6 5. cxd5 exd5 6. Bg5 Be7 7. Rc1 c6 8. Qc2 O-O 9. e3 Nbd7 10. Bd3 h6 11. Bh4 Bb7 12. O-O Rc8 13. Bg3 Nh5 14. Qe2 Nxg3 15. fxg3 c5 16. Bb1 cxd4 17. Qd3 Nf6 18. exd4 Bd6 19. Nh4 Ne4 20. Rce1 Re8 21. Nf5 Bb4 22. Qf3 Qd7 23. Qg4 Qxf5 24. Qxf5 f6 25. Rxe4 dxe4 26. Nxe4 1-0

[Event "Sherbrooke op-B"]
[Site "Sherbrooke CAN"]
[Date "2004.05.30"]
[Round "4"]
[White "Fecteau, Denis"]
[Black "Legendre, Leonard"]
[Result "1-0"]
[WhiteElo "1658"]
[BlackElo "1500"]
[PlyCount "115"]
[GameId "2160767911158350"]
[EventDate "2004.05.??"]
[EventType "swiss"]
[EventRounds "5"]
[EventCountry "CAN"]
[SourceTitle "EXT 2005"]
[Source "ChessBase"]
[SourceDate "2004.11.15"]
[SourceVersion "1"]
[SourceVersionDate "2004.11.15"]
[SourceQuality "1"]

1. d4 e6 2. c4 c5 3. d5 exd5 4. cxd5 d6 5. Nc3 Nf6 6. e4 Nbd7 7. f4 Nb6 8. Nf3 a6 9. Bd3 Be7 10. a4 O-O 11. a5 Nbd7 12. O-O b5 13. axb6 Qxb6 14. Kh1 Ne8 15. Nd2 Qd8 16. Nc4 Qc7 17. Qf3 Bf6 18. g4 g6 19. g5 Bg7 20. f5 f6 21. h4 fxg5 22. hxg5 Ne5 23. Nxe5 Bxe5 24. f6 Qd7 25. Kg2 Kf7 26. Rh1 Rh8 27. Rh6 Nc7 28. Bf4 Rb8 29. Ra2 Bxf4 30. Qxf4 Qg4+ 31. Qxg4 Bxg4 32. Kg3 Bh5 33. Kf4 Rb6 34. Bc4 Ne8 35. Be2 Nxf6 36. gxf6 Bxe2 37. Nxe2 Kxf6 38. Ng1 Kg7 39. Rh2 h6 40. Ra3 g5+ 41. Ke3 Kg6 42. Nf3 Re8 43. Nd2 Reb8 44. Rf2 Rxb2 45. Rxa6 R2b6 46. Rxb6 Rxb6 47. Rf8 Kg7 48. Rd8 Kf7 49. Nc4 Ke7 50. Rh8 Rb3+ 51. Kf2 Rh3 52. Rh7+ Kf6 53. Rd7 g4 54. Rxd6+ Kf7 55. Ne5+ Ke8 56. Nxg4 h5 57. Ne3 Ke7 58. Rc6 1-0

[Event "Sherbrooke op-B"]
[Site "Sherbrooke CAN"]
[Date "2004.05.30"]
[Round "4"]
[White "Lanzilotta Mernies, Marcelo"]
[Black "Saziouk, Alexandre"]
[Result "1-0"]
[WhiteElo "1845"]
[BlackElo "1774"]
[PlyCount "101"]
[GameId "2160767911158352"]
[EventDate "2004.05.??"]
[EventType "swiss"]
[EventRounds "5"]
[EventCountry "CAN"]
[SourceTitle "EXT 2005"]
[Source "ChessBase"]
[SourceDate "2004.11.15"]
[SourceVersion "1"]
[SourceVersionDate "2004.11.15"]
[SourceQuality "1"]

1. e4 c5 2. c3 Nc6 3. d4 cxd4 4. cxd4 d6 5. f4 a6 6. Nf3 g6 7. d5 Na7 8. Qd4 Nf6 9. e5 dxe5 10. fxe5 Nxd5 11. e6 f6 12. Bc4 Nb6 13. Qxd8+ Kxd8 14. Bb3 Nb5 15. Be3 Kc7 16. Nbd2 Na7 17. Bf4+ Kd8 18. O-O-O Ke8 19. Bc7 Nd7 20. Nc4 Nc6 21. exd7+ Bxd7 22. Rhe1 e5 23. Nfxe5 Bh6+ 24. Kb1 Bf5+ 25. Nd3+ Kd7 26. Bg3 Rae8 27. Ka1 Rxe1 28. Nb6+ Ke7 29. Rxe1+ Kd8 30. Nc5 Ne5 31. Rxe5 fxe5 32. Bxe5 Rf8 33. Nxb7+ Ke8 34. Nd6+ Ke7 35. Nxf5+ Rxf5 36. Nd5+ Kd8 37. Bf6+ Kd7 38. a4 Kd6 39. Be7+ Ke5 40. Ka2 Kd4 41. Nc3 Rf2 42. Bc5+ Kxc5 43. Ne4+ Kb4 44. Nxf2 Be3 45. Nd3+ Ka5 46. Ka3 h6 47. Ne5 Bc5+ 48. Ka2 g5 49. Bc2 Bf8 50. Kb3 Bg7 51. Nc4# 1-0

[Event "Sherbrooke op-B"]
[Site "Sherbrooke CAN"]
[Date "2004.05.30"]
[Round "4"]
[White "Leferriere, Bruno"]
[Black "Lopez, Jose"]
[Result "1-0"]
[WhiteElo "1625"]
[BlackElo "1750"]
[PlyCount "79"]
[GameId "2160767911158353"]
[EventDate "2004.05.??"]
[EventType "swiss"]
[EventRounds "5"]
[EventCountry "CAN"]
[SourceTitle "EXT 2005"]
[Source "ChessBase"]
[SourceDate "2004.11.15"]
[SourceVersion "1"]
[SourceVersionDate "2004.11.15"]
[SourceQuality "1"]

1. d4 d5 2. Nf3 Nf6 3. c4 e6 4. Nc3 c6 5. Bg5 Be7 6. e3 Nbd7 7. Bd3 dxc4 8. Bxc4 b5 9. Bd3 Bb7 10. a3 a6 11. O-O c5 12. dxc5 Nxc5 13. Be2 O-O 14. Nd4 Qb6 15. b4 Ncd7 16. Nb3 Rad8 17. Qc2 Ne5 18. Bxf6 Qc6 19. Qe4 Bxf6 20. Qxc6 Bxc6 21. Rac1 Nc4 22. Bxc4 bxc4 23. Nc5 Ra8 24. Rfd1 Rfd8 25. Kf1 Kf8 26. Rxd8+ Rxd8 27. Rc2 a5 28. bxa5 Be7 29. N3a4 Bb5 30. Nc3 Bxc5 31. Nxb5 Rb8 32. a4 Bb4 33. Rxc4 Bxa5 34. Ke2 Ke7 35. f4 Rb7 36. Kf3 f5 37. Nd4 Bd2 38. a5 Kd7 39. Ra4 Kd6 40. Nb5+ 1-0

[Event "Sherbrooke op-B"]
[Site "Sherbrooke CAN"]
[Date "2004.05.30"]
[Round "4"]
[White "Lewis, Patrick"]
[Black "Rozybakiyev, Rasul"]
[Result "0-1"]
[WhiteElo "1515"]
[BlackElo "1732"]
[PlyCount "66"]
[GameId "2160767911158354"]
[EventDate "2004.05.??"]
[EventType "swiss"]
[EventRounds "5"]
[EventCountry "CAN"]
[SourceTitle "EXT 2005"]
[Source "ChessBase"]
[SourceDate "2004.11.15"]
[SourceVersion "1"]
[SourceVersionDate "2004.11.15"]
[SourceQuality "1"]

1. e4 c5 2. Nf3 Nc6 3. d4 cxd4 4. Nxd4 e5 5. Nb5 d6 6. c4 Be7 7. Be3 Nf6 8. Bd3 Be6 9. N1c3 a6 10. Na3 O-O 11. Nc2 Ng4 12. Qd2 Nxe3 13. Qxe3 Bg5 14. Qe2 Qb6 15. Rb1 Nd4 16. Nxd4 Qxd4 17. O-O Rac8 18. Nd5 Bxd5 19. exd5 f5 20. Rfd1 e4 21. Qh5 exd3 22. Qxg5 Rxc4 23. Re1 Qxd5 24. f3 Rc2 25. Re7 Qd4+ 26. Kh1 Qxb2 27. h4 h6 28. Qg6 Rc1+ 29. Rxc1 Qxc1+ 30. Kh2 Qf4+ 31. Kh3 Qd4 32. h5 d2 33. Re8 d1=Q 0-1

[Event "Sherbrooke op-B"]
[Site "Sherbrooke CAN"]
[Date "2004.05.30"]
[Round "4"]
[White "Pilotte, Benoit"]
[Black "Duchesneau, Alain"]
[Result "0-1"]
[WhiteElo "1805"]
[BlackElo "1544"]
[PlyCount "62"]
[GameId "2160767911158355"]
[EventDate "2004.05.??"]
[EventType "swiss"]
[EventRounds "5"]
[EventCountry "CAN"]
[SourceTitle "EXT 2005"]
[Source "ChessBase"]
[SourceDate "2004.11.15"]
[SourceVersion "1"]
[SourceVersionDate "2004.11.15"]
[SourceQuality "1"]

1. e4 d6 2. Nc3 g6 3. Nge2 Bg7 4. g3 f5 5. d3 Nc6 6. Bg2 fxe4 7. Nxe4 Bf5 8. O-O Qd7 9. Re1 O-O-O 10. c3 Rf8 11. b4 Bh3 12. d4 Bxg2 13. Kxg2 Qf5 14. Nf4 e5 15. g4 Qd7 16. Nd3 exd4 17. h3 dxc3 18. b5 c2 19. Qxc2 Bxa1 20. bxc6 Qxc6 21. Qb3 Re8 22. Nb4 Qd7 23. Bb2 Bxb2 24. Qxb2 Ne7 25. Nf6 Qd8 26. Nxe8 Rxe8 27. Qe2 Qd7 28. Nd5 Qc6 29. Qf3 Kd8 30. Rxe7 Rxe7 31. Qf8+ Qe8 0-1

[Event "Sherbrooke op-B"]
[Site "Sherbrooke CAN"]
[Date "2004.05.30"]
[Round "4"]
[White "Szalay, Karoly"]
[Black "Roy, Roger"]
[Result "1/2-1/2"]
[WhiteElo "1534"]
[BlackElo "1832"]
[PlyCount "115"]
[GameId "2160767911158356"]
[EventDate "2004.05.??"]
[EventType "swiss"]
[EventRounds "5"]
[EventCountry "CAN"]
[SourceTitle "EXT 2005"]
[Source "ChessBase"]
[SourceDate "2004.11.15"]
[SourceVersion "1"]
[SourceVersionDate "2004.11.15"]
[SourceQuality "1"]

1. e4 c5 2. Nf3 d6 3. d4 cxd4 4. Nxd4 Nf6 5. Nc3 a6 6. Bg5 e6 7. f4 Be7 8. Qf3 h6 9. Bh4 O-O 10. g4 Nc6 11. O-O-O Nxd4 12. Rxd4 Nxg4 13. Bxe7 Qxe7 14. Rg1 e5 15. f5 exd4 16. Nd5 Qh4 17. Rxg4 Qe1+ 18. Qd1 Qxd1+ 19. Kxd1 f6 20. Bc4 Kh7 21. Nf4 b5 22. Bb3 Ra7 23. h4 Rc7 24. h5 Re8 25. Ne6 Bxe6 26. Bxe6 Ree7 27. Rg3 Rxe6 28. fxe6 Re7 29. Rd3 Rxe6 30. Rxd4 Kg8 31. Ke2 Kf7 32. Kf3 Ke7 33. a4 Re5 34. Kg4 Rg5+ 35. Kh4 Rg2 36. axb5 axb5 37. Rb4 Rxc2 38. Rxb5 Ke6 39. Rb7 Re2 40. Rxg7 Rh2+ 41. Kg3 Rxh5 42. Kf3 Rb5 43. Rh7 h5 44. Ke3 Rxb2 45. Rxh5 Rb4 46. Ra5 Rc4 47. Kd3 Rc5 48. Ra4 Ke5 49. Rb4 d5 50. exd5 Rxd5+ 51. Ke3 f5 52. Rb8 f4+ 53. Ke2 Rd4 54. Re8+ Kf5 55. Rf8+ Ke5 56. Re8+ Kf6 57. Kf3 Kf7 58. Re4 1/2-1/2

[Event "Sherbrooke op-B"]
[Site "Sherbrooke CAN"]
[Date "2004.05.30"]
[Round "5"]
[White "Duchesneau, Alain"]
[Black "Szalay, Karoly"]
[Result "1-0"]
[WhiteElo "1544"]
[BlackElo "1535"]
[PlyCount "37"]
[GameId "2160767911158357"]
[EventDate "2004.05.??"]
[EventType "swiss"]
[EventRounds "5"]
[EventCountry "CAN"]
[SourceTitle "EXT 2005"]
[Source "ChessBase"]
[SourceDate "2004.11.15"]
[SourceVersion "1"]
[SourceVersionDate "2004.11.15"]
[SourceQuality "1"]

1. e4 e5 2. Nf3 Nc6 3. d4 exd4 4. Bc4 Bc5 5. O-O Nf6 6. c3 dxc3 7. Nxc3 O-O 8. e5 Ng4 9. Ne4 Bb6 10. Bf4 Qe7 11. Nfg5 Ngxe5 12. Nxh7 Re8 13. Bg5 Qb4 14. Nhf6+ Kf8 15. Qh5 Ng6 16. Qh7 Nce7 17. Bh6 Nf5 18. Qg8+ Ke7 19. Qxe8# 1-0

[Event "Sherbrooke op-B"]
[Site "Sherbrooke CAN"]
[Date "2004.05.30"]
[Round "5"]
[White "Leferriere, Bruno"]
[Black "Chan, Michael2"]
[Result "0-1"]
[WhiteElo "1625"]
[BlackElo "1606"]
[PlyCount "58"]
[GameId "2160767911158359"]
[EventDate "2004.05.??"]
[EventType "swiss"]
[EventRounds "5"]
[EventCountry "CAN"]
[SourceTitle "EXT 2005"]
[Source "ChessBase"]
[SourceDate "2004.11.15"]
[SourceVersion "1"]
[SourceVersionDate "2004.11.15"]
[SourceQuality "1"]

1. d4 d5 2. Nf3 Nf6 3. Bf4 e6 4. e3 c5 5. c3 Nc6 6. Nbd2 cxd4 7. exd4 Bd6 8. Ne5 Qc7 9. Ndf3 Ne4 10. Qc1 O-O 11. Nd3 f6 12. Bxd6 Qxd6 13. Nd2 Nxd2 14. Qxd2 e5 15. dxe5 fxe5 16. O-O-O Be6 17. f3 Rfe8 18. Nf2 Qc5 19. Bd3 Rac8 20. Bc2 b5 21. b4 Qb6 22. Nd3 d4 23. Nc5 Bxa2 24. Qd3 g6 25. Nd7 Qd8 26. Nc5 Qg5+ 27. Rd2 Bc4 28. Bb3 Bxb3 29. Nxb3 Nxb4 0-1

[Event "Sherbrooke op-B"]
[Site "Sherbrooke CAN"]
[Date "2004.05.30"]
[Round "5"]
[White "Legendre, Leonard"]
[Black "Poirier, Vincent"]
[Result "1-0"]
[WhiteElo "1500"]
[BlackElo "1706"]
[PlyCount "85"]
[GameId "2160767911158360"]
[EventDate "2004.05.??"]
[EventType "swiss"]
[EventRounds "5"]
[EventCountry "CAN"]
[SourceTitle "EXT 2005"]
[Source "ChessBase"]
[SourceDate "2004.11.15"]
[SourceVersion "1"]
[SourceVersionDate "2004.11.15"]
[SourceQuality "1"]

1. d4 d6 2. c4 Nf6 3. Nc3 c6 4. e4 g6 5. Nf3 Bg7 6. h3 e5 7. dxe5 dxe5 8. Qxd8+ Kxd8 9. Nxe5 Be6 10. Nd3 Bxc4 11. Bg5 Nbd7 12. O-O-O h6 13. Bh4 g5 14. Bg3 Re8 15. Nc5 Kc8 16. Nxd7 Bxf1 17. Nxf6 Bxf6 18. Rhxf1 Bxc3 19. bxc3 Rxe4 20. Rd2 Re7 21. Rfd1 b5 22. Rd6 Kb7 23. Rd7+ Rxd7 24. Rxd7+ Ka6 25. Rxf7 Ka5 26. Rf6 Rc8 27. Rxh6 Ka4 28. Kb2 a5 29. Re6 c5 30. Re4+ c4 31. a3 b4 32. axb4 axb4 33. cxb4 Kxb4 34. f4 Ra8 35. Be1+ Kc5 36. Bc3 Rb8+ 37. Kc2 gxf4 38. Rxf4 Re8 39. Bd4+ Kd5 40. Kc3 Rb8 41. Rf5+ Ke6 42. Rc5 Ra8 43. Rxc4 1-0

[Event "Sherbrooke op-B"]
[Site "Sherbrooke CAN"]
[Date "2004.05.30"]
[Round "5"]
[White "Lopez, Jose"]
[Black "Roy, Roger"]
[Result "1-0"]
[WhiteElo "1754"]
[BlackElo "1832"]
[PlyCount "55"]
[GameId "2160767911158361"]
[EventDate "2004.05.??"]
[EventType "swiss"]
[EventRounds "5"]
[EventCountry "CAN"]
[SourceTitle "EXT 2005"]
[Source "ChessBase"]
[SourceDate "2004.11.15"]
[SourceVersion "1"]
[SourceVersionDate "2004.11.15"]
[SourceQuality "1"]

1. e4 c5 2. Nf3 d6 3. d4 cxd4 4. Nxd4 Nf6 5. Nc3 a6 6. Bg5 e6 7. f4 Be7 8. Qf3 Nbd7 9. Bc4 Qc7 10. Bxe6 fxe6 11. Nxe6 Qc4 12. Nxg7+ Kd8 13. Nf5 Re8 14. O-O-O Kc7 15. Ne3 Qe6 16. Nf5 Bf8 17. Rhe1 Nb6 18. Qd3 Nxe4 19. Rxe4 Qxf5 20. Rxe8 Qxd3 21. Rxd3 Bf5 22. Rxa8 Nxa8 23. Re3 Nb6 24. Re8 Nd7 25. Nd5+ Kc6 26. Ne7+ Bxe7 27. Rxe7 Nc5 28. h3 1-0

[Event "Sherbrooke op-B"]
[Site "Sherbrooke CAN"]
[Date "2004.05.30"]
[Round "5"]
[White "Pilotte, Benoit"]
[Black "Rozybakiyev, Rasul"]
[Result "1/2-1/2"]
[WhiteElo "1805"]
[BlackElo "1732"]
[PlyCount "84"]
[GameId "2160767911158362"]
[EventDate "2004.05.??"]
[EventType "swiss"]
[EventRounds "5"]
[EventCountry "CAN"]
[SourceTitle "EXT 2005"]
[Source "ChessBase"]
[SourceDate "2004.11.15"]
[SourceVersion "1"]
[SourceVersionDate "2004.11.15"]
[SourceQuality "1"]

1. d4 d5 2. e4 e6 3. Nc3 Bb4 4. e5 c5 5. a3 cxd4 6. Qxd4 Bxc3+ 7. Qxc3 Nc6 8. Qg3 g6 9. Bd3 Bd7 10. Nf3 Qc7 11. Bg5 h6 12. Be3 Nge7 13. O-O O-O-O 14. Bc5 Nf5 15. Bxf5 gxf5 16. Bd6 Qb6 17. Qg7 Rdg8 18. Qxf7 Nd4 19. Nxd4 Qxd4 20. h3 f4 21. Rfe1 Rg5 22. Rad1 Qc4 23. b3 Qc6 24. Qxf4 Rhg8 25. g3 h5 26. Rd3 Rf5 27. Qe3 Qa6 28. Rc3+ Bc6 29. Qh6 Re8 30. Qg7 Qb6 31. Bc5 Qd8 32. Bxa7 d4 33. Rc4 h4 34. g4 Rf3 35. Re4 d3 36. Red4 Qxd4 37. Rxc6+ bxc6 38. Bxd4 d2 39. Qa7 d1=Q+ 40. Kg2 Rff8 41. Qa8+ Kc7 42. Qa7+ Kc8 1/2-1/2